000 00733nam a2200241Ia 4500
005 20231130131355.0
008 131103s9999 xx 000 0 und d
020 _a076193409X
_cRs 1950
040 _aLoreto College
041 _aEnglish
082 _a396
_bWOM
245 _aWomen of India
_b Colonial and Post-Colonial Periods
_cedited by Bharati Ray
260 _aNew Delhi
_bSage
_c2005
300 _axlix,622p
440 _aHistory of Science, Philosophy and Culture in Indian Civilization; Volume IX, Part 3
504 _aIncludes bibliographical references and index
630 _aGender Studies
650 _aFeminism
651 _aWomen Studies
700 _aRay, Bharati, ed
850 _aLCLIB
942 _cBK
999 _c11140
_d61619